Analýza a programové spracovanie problematiky vedenia personálnej agendy v podniku : Diplomová práca

Gespeichert in:
Bibliographische Detailangaben
1. Verfasser: Bača, Miroslav (Verfasst von)
Weitere Verfasser: Krajčovič, Tibor, 1960- (Betreuung Doktorarbeit)
Format: Manuskript Buch
Sprache:Slowakisch
Veröffentlicht: Trnava : STU v Bratislave MtF KAIA, 1993
Schlagworte:
Tags: Tag hinzufügen
Keine Tags, Fügen Sie das erste Tag hinzu!

MARC

LEADER 00000ntm a22000003a 4500
001 stu73088
005 20180423130755.7
008 011220s1993----xo------------------slo-d
040 |a STU  |b slo 
041 0 |a slo 
044 |a xo 
100 1 |a Bača, Miroslav  |4 aut 
245 1 |a Analýza a programové spracovanie problematiky vedenia personálnej agendy v podniku :  |b Diplomová práca 
260 |a Trnava :  |b STU v Bratislave MtF KAIA,  |c 1993 
300 |a 45 s  |c výťah 
650 7 |a Personalistika-spracovanie počítačové  |2 stusub 
650 7 |a Strojárska aplikovaná informatika  |2 stusub 
700 1 |a Krajčovič, Tibor,  |d 1960-  |4 ths  |u E220  |U FEI Fakulta elektrotechniky a informatiky  |T FEI Katedra informatiky a výpočtovej techniky  |X 1869  |U E220  |Y 69  |7 1869 
996 |b 284M033871  |c M*DP-1335  |l MMSKP  |s P  |a 0  |w stu73088_0001